| Tag |
First Indicator |
Second Indicator |
Subfields |
| LEADER |
00000cas a2200000 i 4500 |
| 001 |
in00005656913 |
| 008 |
190510c20189999sz fn pso 0 0eng c |
| 006 |
m o d |
| 007 |
cr |n||||||||| |
| 005 |
20250806140904.4 |
| 010 |
|
|
|a 2020243088
|
| 035 |
|
|
|a (OCoLC)on1100791401
|
| 040 |
|
|
|a PFM
|b eng
|e rda
|e pn
|c PFM
|d OCLCO
|d OCL
|d SFB
|d OCLCA
|d NLM
|d OCLCO
|d OCLCQ
|d VT2
|d OCLCQ
|d OCL
|d OCLCA
|d IUL
|d OCLCO
|d OCLCA
|d OCLCQ
|d UAB
|
| 016 |
7 |
|
|a 2908431-3
|2 DE-600
|
| 016 |
7 |
|
|a 101765665
|2 DNLM
|
| 019 |
|
|
|a 1121613864
|a 1125815396
|a 1135550035
|a 1136402387
|a 1165768172
|a 1229508631
|a 1229586754
|
| 022 |
0 |
|
|a 2504-3889
|l 2504-3889
|2 40
|
| 035 |
|
|
|a (OCoLC)1100791401
|z (OCoLC)1121613864
|z (OCoLC)1125815396
|z (OCoLC)1135550035
|z (OCoLC)1136402387
|z (OCoLC)1165768172
|z (OCoLC)1229508631
|z (OCoLC)1229586754
|
| 042 |
|
|
|a pcc
|
| 060 |
1 |
0 |
|a W1
|
| 210 |
1 |
|
|a Med. cannabis cannabinoids
|
| 210 |
1 |
0 |
|a Med Cannabis Cannabinoids
|2 dnlm
|
| 222 |
|
0 |
|a Medical cannabis and cannabinoids
|
| 245 |
0 |
0 |
|a Medical cannabis and cannabinoids.
|
| 264 |
|
1 |
|a Basel :
|b Karger,
|c [2018]-
|
| 300 |
|
|
|a 1 online resource
|
| 310 |
|
|
|a Two issues a year
|
| 336 |
|
|
|a text
|b txt
|2 rdacontent
|
| 337 |
|
|
|a computer
|b c
|2 rdamedia
|
| 338 |
|
|
|a online resource
|b cr
|2 rdacarrier
|
| 362 |
1 |
|
|a Coverage as of August 6, 2025: Volume 1, number 1 (June 2018)-
|
| 362 |
1 |
|
|a Began with vol. 1, no. 1 (June 2018).
|
| 506 |
|
|
|a This title is restricted to authorized TAMU and TAMUS HSC users.
|
| 515 |
|
|
|a Articles published as they become available and compiled into biannual issues.
|
| 588 |
0 |
|
|a Vol. 1, no. 1 (June 2018); title from journal homepage (Karger website, viewed May 10, 2019).
|
| 588 |
1 |
|
|a Vol. 3, no. 2 (December 2020); publishers journal website, viewed May 24, 2021.
|
| 650 |
|
0 |
|a Marijuana
|x Therapeutic use
|v Periodicals.
|
| 650 |
|
0 |
|a Cannabis
|v Periodicals.
|
| 650 |
|
0 |
|a Cannabinoids
|v Periodicals.
|
| 650 |
1 |
2 |
|a Cannabis.
|
| 650 |
2 |
2 |
|a Cannabinoids.
|
| 650 |
2 |
2 |
|a Medical Marijuana.
|
| 650 |
|
7 |
|a Marijuana
|x Therapeutic use.
|2 fast
|0 (OCoLC)fst01009281
|
| 650 |
|
7 |
|a Cannabis.
|2 fast
|0 (OCoLC)fst00845737
|
| 650 |
|
7 |
|a Cannabinoids.
|2 fast
|0 (OCoLC)fst00845733
|
| 655 |
|
0 |
|a Electronic journals.
|
| 655 |
|
2 |
|a Periodical.
|
| 655 |
|
7 |
|a Periodicals.
|2 fast
|0 (OCoLC)fst01411641
|
| 029 |
1 |
|
|a AU@
|b 000065968620
|
| 994 |
|
|
|a Z0
|b TMV
|
| 948 |
|
|
|h HELD BY TMV - 709 OTHER HOLDINGS
|
| 999 |
f |
f |
|s 4ec706b8-93c7-41a0-b59c-811e1a023f5e
|i ba1111b2-6007-4ab9-aaf6-5f449e2fa042
|t 0
|
| 952 |
f |
f |
|a Texas A&M University
|b College Station
|c Electronic Resources
|d Available Online
|t 0
|e Online Journal
|h Other scheme
|
| 998 |
f |
f |
|a Online Journal
|t 0
|l Available Online
|